000
00290nam a22001217a 4500
008
170823b xxu||||| |||| 00| 0 eng d
041
_a
eng
080
_a
51
100
_a
38
101
_a
MAT
245
_a
A COMPREHENSIVE INTRODUCTION TO DIFFERENTIAL GEOMETRY
_c
SPIVAK,M
942
_2
udc
_c
BK
999
_c
24646
_d
24646